| 000 | 00661nam a2200205 a 4500 | ||
|---|---|---|---|
| 003 | OSt | ||
| 005 | 20220830130628.0 | ||
| 008 | 130923s2004 ag ||||| |||| 00| 0 spa d | ||
| 040 | _cBiblioteca Medicina | ||
| 041 | _aspa | ||
| 082 | _bMINIST. DE SALUD 0319 | ||
| 110 |
_aMinisterio de Salud _92598 |
||
| 245 | 0 | 0 | _aIndicadores Basicos Argentina 2004 |
| 250 | _a1ยบ ed. | ||
| 260 |
_aBuenos Aires _bMinisterio de Salud; OPS _c2004 |
||
| 500 | _aMinisterio de Salud. (2004). Indicadores Basicos Argentina 2004. (1a ed.). Buenos Aires: Ministerio de salud. | ||
| 653 | _aESTADISTICA-ARGENTINA-2004 | ||
| 653 | _aEPIDEMIOLOGIA-ARGENTINA-2004 | ||
| 942 |
_2ddc _cPH |
||
| 999 |
_c1663 _d1663 |
||